Villes du cantal en images - Statistiques

Statistiques générales
  • Ce quiz a été pris 96 fois
  • Le résultat moyen est 8 sur 18
Statistiques - réponses
Par images Hint Réponse % Correct
A Aurillac
100%
S Salers
76%
S Saint-Flour
73%
M Mauriac
67%
M Murat
64%
Y Ytrac
48%
A Arpajon-sur-cère
43%
M Maurs
40%
M Massiac
35%
R Riom-ès-Montagnes
33%
R Ruynes-en-Margeride
32%
(L) F Le Falgoux
31%
S Saint-Étienne-Cantalès
29%
T Tournemire
29%
P Polminhac
23%
L Laveissière
21%
V Vézac
16%
M Montboudif
15%
Aucun quiz correspondant
Distribution des résultats
% des personnes avec chaque résultat
Percentile par nombre de réponses
Votre historique - résultats
Vous n’avez pas pris ce quiz